000
00269nam a2200133Ia 4500
100
_a
#N/A
650
_a
Computers
942
_c
BK
654
_a
SQL SERVER
245
_a
SQL SERVER 7-DEVELOPERS GUIDE
260
_b
TATA MCGRAWHIL
082
_b
OTE
546
_a
ENGLISH
999
_c
28263
_d
28263